|
|
|
|
| LEADER |
00000nab#a22000007a#4500 |
| 001 |
arbauad004365 |
| 003 |
AR-BaUAD |
| 005 |
20250711110632.0 |
| 008 |
940607|||||||||###||||||b###|0###a|spa|| |
| 040 |
|
|
|a AR-BaUAD
|c AR-BaUAD
|b spa
|
| 100 |
|
|
|a Ortiz, Diego
|
| 245 |
|
|
|a Investigación :
|b fotografía /
|c Diego Ortiz;
|
| 300 |
0 |
|
|b fot.
|
| 653 |
|
|
|a FOTOGRAFIA
|
| 653 |
|
|
|a MASSELI, JOSE MANUEL
|
| 653 |
|
|
|a PUBLICIDAD
|
| 773 |
0 |
|
|t Visual
|g año 5, Nº43 [1993], p. 17-20
|
| 942 |
|
|
|c ARTI
|
| 952 |
|
|
|0 0
|1 0
|4 0
|7 0
|9 49285
|a AR-BAuAD
|b AR-BAuAD
|d 2025-07-11
|l 0
|p AAQA004365
|r 2025-07-11 11:06:32
|w 2025-07-11
|y ARTI
|
| 990 |
|
|
|a DG199
|b TD
|
| 990 |
|
|
|a F199
|b TD
|
| 998 |
|
|
|a AAQ
|b BIBUN76
|
| 999 |
|
|
|c 28958
|d 28958
|